000 00295nam a2200121Ia 4500
008 191201s2003 xx 000 0 und d
100 _aRAO, P Subba
245 0 _aInternational Business
260 _aN. Delhi
_bHimalaya Publication House
_c2003
300 _a582
650 _aMBA
942 _2ddc
_cBK
999 _c170
_d170